Tuberias de concreto. Norma oficial para el uso de tubos de concreto con y sin refuerzo N° 18003-MEC Y N° 18006-MEC
Gorde:
| Erakunde egilea: | |
|---|---|
| Formatua: | Liburua |
| Hizkuntza: | Spanish |
| Argitaratua: |
Costa Rica : Ministerio de Economía y Comercio
1988
|
| Gaiak: | |
| Etiketak: |
Etiketa erantsi
Etiketarik gabe, Izan zaitez lehena erregistro honi etiketa jartzen!
|
MARC
| LEADER | 00000nam a2200000Ia 4500 | ||
|---|---|---|---|
| 003 | 002017 | ||
| 005 | 20221231143942.0 | ||
| 008 | 140114s1988 cr a 000 ||spa d | ||
| 040 | |c cru CEDI | ||
| 082 | |a 621.867.2020.18 C8374t | ||
| 110 | |9 21121 |a Costa Rica.. Ministerio de Economía y Comercio | ||
| 245 | |a Tuberias de concreto. Norma oficial para el uso de tubos de concreto con y sin refuerzo N° 18003-MEC Y N° 18006-MEC | ||
| 260 | |a Costa Rica : Ministerio de Economía y Comercio |c 1988 | ||
| 650 | |x TUBERIAS DE HORMIGON - FABRICACION - NORMAS |9 21122 | ||
| 942 | |2 ddc | ||
| 999 | |c 14698 |d 14698 | ||
